000 01893cam a22004934i 4500
003 PE-LiUPU
005 20250731173420.0
008 150706s r 000 0 d
020 _a9780829755459
035 _a(Sirsi) i9780829755459
040 _aPE-LiUPU
_bspa
_cPE-LiUPU
_erda
049 _aPRUA
082 0 4 _a259.2
_bP8
_221
245 0 1 _aPromoción y levantamiento de fondos :
_bpara refrescar tu ministerio /
_ceditado por Madeline Díaz.
264 1 _aMiami, Florida :
_bEditorial Vida,
_c2010.
300 _a120 páginas :
_bilustraciones ;
_c28 cm.
336 _atext
_2rdacontent
337 _aunmediated
_2rdamedia
338 _avolume
_2rdacarrier
490 0 _aBiblioteca de Ideas
505 0 _aAdministración -- Planificación, evaluación y mantenimiento de la documentación -- Claves de programación -- Promoción -- Dinámicas de grupo -- Relaciones entre pastores y adolescentes -- Instalaciones -- Recursos -- Disciplina -- .
526 _aSEG42
526 _aSEG41
526 _aSEG40
526 _aSEG39
526 _aP94
526 _aP87
526 _aP86
526 _aP85
526 _aP77
526 _aP76
526 _aP35
541 _g001-0000583;
650 0 4 _aTrabajo de iglesia con jóvenes.
650 0 4 _aTrabajo de iglesia con adolescentes.
700 1 _aDíaz, Madeline,
_eed.
700 1 _aRonda Pagán, Elizer,
_etr.
910 _agl
_bjv
_cng
_d20120610
942 _2ddc
_cBOOK
949 _a259.2 P8
_wDEWEY
_c1
_i64911
_lCCODEBUL1
_mBUL
_p13.00
_r0
_sY
_tBOOK
_u2015-7-6
_xTEOLOGIA
_PP35
_o.STAFF. Colección General
994 _aC0
_bPEPRU
596 _a1
999 _a259.2 P8
_wDEWEY
_c53621
_i64911
_f2021-11-10
_g5
_lCCODEBUL1
_mBUL
_p13.00
_r0
_sY
_tBOOK
_u2015-7-6
_xTEOLOGIA
_PP35
_0COMPRA
_o.STAFF. Colección General
_d53621
980 _81
_gALBERTO SANCHEZ Responsable de Automatización